| 000 | 01026nam0a22002411i 4500 | ||
|---|---|---|---|
| 001 | rc\3744758 | ||
| 005 | 20240726071827.0 | ||
| 021 |
_aRU _b[73-8189а] |
||
| 035 | _a(NLR Aleph) 007786726 | ||
| 090 |
_a7626501 _c7626501 |
||
| 100 | _a20130115d1973 |||y0rusy50 ca | ||
| 101 | 0 | _arus | |
| 102 | _aRU | ||
| 105 | _ay d ||||| | ||
| 200 | 1 |
_aКомплексное исследование факторов роста производительности труда в угольной промышленности _e(На примере шахт Донбасса) _eАвтореф. дис. на соиск. учен. степени канд. экон. наук _e(08.00.07) _fАН УССР. Ин-т экономики пром-сти |
|
| 210 |
_aДонецк _d1973 |
||
| 215 | _a20 с. | ||
| 320 | _aСписок работ авт.: с. 18-20 (26 назв.) | ||
| 700 | 1 |
_aСапач _bП.Л. _gПетр Леонтьевич |
|
| 801 | 0 |
_aRU _bNLR _gpsbo |
|
| 801 | 1 |
_aRU _bELAR _2rusmarc |
|
| 852 |
_aNLR _j73-4/25422 |
||
| 942 | _cBOOK | ||